000 00436nam a22001697a 4500
003 BD-ChCU
005 20260210112224.0
008 260210b bg ||||| |||| 00| 0 ben d
040 _cBD-ChCU
082 _a572.04 TAH
100 _aTax , Sol .
_920222
245 _aRorizons of anthropology ./
_cSol , Tax .
260 _aChicago :
_bAldine pub ,
_cC 1967
300 _a288p
650 0 _aAnthropology .
_920223
942 _2ddc
_cBK
_n0
999 _c111549
_d111549